000 00510nam a2200181Ia 4500
003 OSt
005 20250204124520.0
008 210210b1957 xxu||||| |||| 00| 0 eng d
040 _cAL
041 _akan
082 _a859/1150
100 _aBASAVARAJA KATTIMANI
_9146345
_dಬಸವರಾಜ ಕಟ್ಟೀಮನಿ.
245 _aSuntaragali:
_bಸುಂಟರಗಾಳಿ
260 _aBengaluru
_bSharada Prakatanalaya
_c1957
690 _aKannada Fiction
_9146346
906 _a021895
942 _2ddc
_cBK
999 _c146001
_d146001